Регионална библиотека "Любен Каравелов" - Русе

Събрани съчинения (Запис номер 207256)

MARC детайли
000 -Лидер
Контролно поле с фиксирана дължина 01803nam a2200361 a 4500
003 - Код на организацията, давaща контролен номер
Контролно поле BLK
005 - Дата и час на последна редакция
Контролно поле 20241025005440.0
008 - Елементи от данни с фиксирана дължина
fixed length control field 180411b bul|||||r ||||||| ||bul||
010 ## - Наследен системен номер
LC control number KNG00217018000
040 ## - Източник на каталожния запис
Идентификатор на билиотеката - собственик на записа BLK
041 ## - Код за език
Код за езика на текст/звукозапис или на отделно заглавие Български
Код за езика КДБФ Български
080 ## - УДК
Текстов определител УДК Българска литература
УДК код - определител по УДК 821.163.2
УДК определител (081.1)
УДК - код + определител 821.163.2(081.1)
080 ## - УДК
Текстов определител УДК Българска литература
УДК код - определител по УДК 821.163.2
УДК определител -2
УДК - код + определител 821.163.2-2
100 ## - Редна дума - Автор
Автор Йовков, Йордан Стефанов
Дати, свързани с автора 1880-1937
Автор - информация (биография) Писател класик - белетрист, драматург, майстор на късия разказ
R(LIN) 363298
139 ## - Редно поле
Редна дума Йовков, Йордан Стефанов
Авторски знак Иовк - И 77
245 10 - Сведения за заглавието
Заглавие Събрани съчинения
Подзаглавни данни В 7 т.
Редно поле (дума) Йордан Стефанов Йовков ; ред. кол. Невена Караиванова
Том Т. 7.
Заглавие на том Пиеси : Албена ; Боряна ; Милионерът
257 ## - Страна на издаване
Страна на създаване/издаване България
260 ## - Област на издателските данни
Място на издаване, разпространение и проч. София
Име на издателя, разпространителя и проч. Бълг. писател
Година на издаване 1956 -
300 ## - Физическа характеристика
Размери/Мащаб 18 см
380 ## - Жанр
Жанр Худож. лит.
500 ## - Общи забележки
Забележка Други ред. : Андрей Гуляшки, Елка Йовкова, Илия Волен, Симеон Султанов.
700 1# - Други автори (авторска отговорност)
Лично име Караиванова, Невена
Автороска отговорност (Описва отношението между автора и произведението) ред. кол.
9 (RLIN) 377157
700 1# - Други автори (авторска отговорност)
Лично име Йовкова, Елка
Автороска отговорност (Описва отношението между автора и произведението) ред. на том
9 (RLIN) 384248
760 1# - Описание на основната серия
Редна дума на основното описание Йовков, Йордан Стефанов
Място на издаване, издател и година 1956 (София : Д. Благоев)
Страници - том 480 с. : 4 л. ил., 1 портр.
Заглавие Т. 7. Пиеси :Албена ; Боряна ; Милионерът / Елка Йовкова
852 ## - Местоположение
Форматна сигнатура Цб 3623
856 4# - Електронен адрес и достъп
Електронен формат pdf - файл
856 4# - Електронен адрес и достъп
Електронен формат pdf - файл
999 ## - СИСТЕМНИ КОНТРОЛНИ НОМЕРА
Koha biblionumber 207256
Koha biblioitemnumber 207256
942 ## - АРТИКУЛИ
Вид на библиотечния материал Книги
Скрит в OPAC Не
Периодичен библиозапис Да
944 ## - СЪЗДАВАНЕ И РЕДАКЦИЯ на ЗАПИСА
Създаване/Редакция Създаване
Дата на регистрацията/редакция 09.03.2018
Служител, извършил регистрацията/редакцията
Статус, дата на статуса CRON CRON
944 ## - СЪЗДАВАНЕ И РЕДАКЦИЯ на ЗАПИСА
Създаване/Редакция Редакция
Дата на регистрацията/редакция 09.03.2018
Служител, извършил регистрацията/редакцията Нора_Радева
944 ## - СЪЗДАВАНЕ И РЕДАКЦИЯ на ЗАПИСА
Създаване/Редакция Редакция
Дата на регистрацията/редакция 2021-10-05
Служител, извършил регистрацията/редакцията ГГГ
999 ## - СИСТЕМНИ КОНТРОЛНИ НОМЕРА
Koha biblioitemnumber 207256
Наличности
Код за отписване Код за изгубен артикул Източник на класификационната схема Код за повреда Коз за рестрикции Код за отдаване Артикулен № Име на библиотеката - собственик Име на библиотеката, в която се намира в момента Статус (Текущо местоположение) Дата на вписване в системата Местоположение - отдел Цена в лева Инвентарен номер Систематично азбучна сигнатура Баркод Номер на екземпляра Цена в евро Служебна бележка Служебен тип на артикула
  Не е изгубен Universal Decimal Classification Не е повреден само за читалня ползва се в читалня 357581 Регионална библиотека "Любен Каравелов" Русе Регионална библиотека "Любен Каравелов" Русе Хранилище 1956-01-01 Основен фонд - ползва се само за читалня 0.92 569391 Цб 3623 120000569391 1 0.47 Вид: Сф Дата: 01.01.1956 Книги
Изтеглен Не е изгубен Universal Decimal Classification Не е повреден без рестрикции заемане за дома 357582 Регионална библиотека "Любен Каравелов" Русе Регионална библиотека "Любен Каравелов" Русе Заемна - подръчен фонд 1956-01-01 Заемна - подръчен фонд 0.92 1902/57 П 886.7-2/И 77 1902/57 2 0.47 Вид: Сф Дата: 01.01.1956 Дата инв: 09.03.2018 Бележки инв: П2018 Книги
Изтеглен Не е изгубен Universal Decimal Classification Не е повреден без рестрикции заемане за дома 357583 Регионална библиотека "Любен Каравелов" Русе Регионална библиотека "Любен Каравелов" Русе Заемна - подръчен фонд 1956-01-01 Заемна - подръчен фонд 0.00 1905/57 П 886.7-2/И 77 1905/57 3 0.00 Вид: Сф Дата: 01.01.1956 Книги
Изтеглен Не е изгубен Universal Decimal Classification Не е повреден без рестрикции заемане за дома 357584 Регионална библиотека "Любен Каравелов" Русе Регионална библиотека "Любен Каравелов" Русе Заемна - подръчен фонд 1956-01-01 Заемна - подръчен фонд 0.00 7895/63 П 886.7-2/И 77 7895/63 4 0.00 Вид: Сф Дата: 01.01.1956 Книги
Vip Innovations Ltd, Rousse, Bulgaria 2025